01429nam a22001937a 4500999001500000003000400015008004100019020001800060100001600078245005300094250002600147260005400173300004000227500060300267650003700870942001200907952015800919952015801077 c8729d8729OSt200708b ||||| |||| 00| 0 eng d a9789385998461 aKalsi, P.S. aOrganic Synthesis Through Disconnection Approach a3rd (16 January 2019) aNew DelhibScientific Publishing Services Pvt Ltd aPg. 464, Dimensions: 20 x 14 x 4 cm aThe book provides a self study in the area of organic synthesis through disconnection approach. It includes all the essential information on the subject which forms an important component of postgraduate course work in all the Indian universities. Key Features: · Focuses on core knowledge in a concise yet complete manner to learn disconnections leading to organic synthesis · Enables the reader to grasp and understand the subject quickly and easily · Provides invaluable hints and tips helping the student assimilate complex information · A huge number of problems and their answers included aPharmaceutical Organic Chemistry 2ddccBK 00102ddc40708BPaPIETbPIETd2020-02-01eKirti PrakashanfIN Rupeesg425.00kIN6239l0o547.2 KAOpBP786r2020-07-08 00:00:00v297.50w2020-02-01yBK 00102ddc40708BPaPIETbPIETd2020-02-01eKirti PrakashanfIN Rupeesg425.00kIN6239l0o547.2 KAOpBP787r2020-07-08 00:00:00v297.50w2020-02-01yBK